MARC

LEADER 00000nab a2200000 ar4500
001 vtls008620595
003 SK-MaSNL
005 20260303071909.0
008 060206c2005 xo wr|p|||||||000 b|slo
038 |a PPPK 
040 |a PPPKCL  |b slo  |c PPPKCL  |e AACR2 
041 |a slo 
044 |a xo  |c SK 
080 |a 352.075.1  |x (437.6+438)  |2 1981 
080 |a 394.912  |2 1997 
080 |a 332.1  |2 1997 
080 |a 061.3  |2 1997 
245 0 0 |a Tretie spoločné zasadnutie  |c [autor] (red) 
610 1 7 |a Poprad (Slovensko).  |b Mestské zastupiteľstvo  |2 pppkcl  |9 187158 
610 1 7 |a Vysoké Tatry (Slovensko).  |b Mestské zastupiteľstvo  |2 pppkcl  |9 97475 
610 1 7 |a Zakopané (Poľsko).  |b Mestské zastupiteľstvo  |2 pppkcl  |9 75899 
648 7 |a 2005  |2 pppkcl  |9 305506 
650 0 7 |a cezhraničná spolupráca  |2 pppkcl  |9 4908 
650 0 7 |a mestské zastupiteľstvá  |2 pppkcl  |9 70169 
650 0 7 |a zasadnutia  |2 pppkcl  |9 372516 
651 7 |a Tatranská Lomnica (Vysoké Tatry, Slovensko)  |2 pppkcl  |9 160914 
773 0 |t Podtatranské noviny  |g Roč. XLVI, č. 46 (2005), s. 2 
852 |a PPPK  |b KIS3GCP 
958 |a PL  |2 pppkcl 
958 |a SK  |2 pppkcl 
999 |c 1761872  |d 1763802